| 000 | 01210nam0a2200313 4500 | ||
|---|---|---|---|
| 001 | RU\NLR\bibl\368090 | ||
| 005 | 20260607051712.0 | ||
| 010 |
_a5-901-701-12-7 _91000 |
||
| 035 | _a(NLR Aleph) 000362651 | ||
| 090 |
_a345471 _c345471 |
||
| 100 | _a20030217d2002 |||y0rusy50 ca | ||
| 101 | 0 |
_arus _deng _erus _eeng |
|
| 102 | _aRU | ||
| 105 | _aa ||||||||| | ||
| 200 | 1 |
_aПхачич - адыгейские трещотки _dAdyghe (Circassian) Clappers _fА. Соколов _gАдыг. гос. ун-т. Ин-т искусств _zeng |
|
| 210 |
_aМайкоп _cКачество _d2002 |
||
| 215 |
_a80 с., [4] л. цв. ил. _cил. _d21 |
||
| 300 | _aРез. на англ. яз. | ||
| 300 | _aНа тит. л.: К 80-летию автономии Адыгеи | ||
| 320 | _aБиблиогр.: с. 75-78 | ||
| 510 | 0 |
_aAdyghe (Circassian) Clappers _zeng |
|
| 606 | 0 |
_aПхачич _92278058 _3RU\NLR\auth\661365024 |
|
| 686 | _aЩ310.715.8 | ||
| 700 | 1 |
_4070 _7ca _8rus _aСоколова _bА. Н. _cискусствовед _gАлла Николаевна _911426 _3RU\NLR\auth\7728395 |
|
| 801 | 0 |
_aRU _bNLR _c20030217 _gPSBO |
|
| 801 | 1 |
_aRU _bNLR _c20030217 |
|
| 942 | _cBOOK | ||
| 980 | _aNB | ||